Hospodársky vývoj Slovenska do konca predmníchovskej republiky K čiastkovej úlohe ŠPZV IX-7-3/cl

Saved in:
Bibliographic Details
Main Author: Fabricius, Miroslav
Format: Book
Language:Slovak
Published: Bratislava Ekon. ústav SAV 1987
Edition:1. vyd.
Subjects:
Tags: Add Tag
No Tags, Be the first to tag this record!

MARC

LEADER 00000nam a2200000 4500
001 c040692
005 20221219094552.6
041 0 |a slo 
044 |a SK 
245 1 0 |a Hospodársky vývoj Slovenska do konca predmníchovskej republiky  |b K čiastkovej úlohe ŠPZV IX-7-3/cl  |c Miroslav Fabricius 
250 |a 1. vyd. 
264 1 |a Bratislava  |b Ekon. ústav SAV  |c 1987 
610 2 0 |a vývoj hospodársky 
610 2 0 |a Slovensko 
610 2 0 |a dejiny hospodárske 
100 1 |a Fabricius, Miroslav